000 00553nam a22001817a 4500
005 20251108173555.0
008 250721s2007 xx 000 0 ara d
082 1 4 _a212.8/ دغا
100 1 _aالدغامين، زياد خليل
_eمؤلف
245 1 0 _aالتفسير الموضوعي و منهجية البحث فيه /
264 1 _aعمان :
_bدار عمار،
_c2007.
300 _a358ص.
650 1 7 _aالقرآن الكريم
650 1 7 _aتفسير القرآن
650 1 7 _aالأبحاث
942 _2ddc
_cBK
999 _c107147
_d107147